Countries That Participated in the Crimean War - Statistics

General Stats
  • This quiz has been taken 346 times
  • The average score is 5 of 7
Answer Stats
Hint Answer % Correct
Losing Side Russia
100%
Winning Side UK
98%
Winning Side 2nd French Empire
94%
Winning Side Ottoman Empire
84%
Losing Side Greece
40%
Winning Side Kingdom of Sardinia
35%
Winning Side Duchy of Nassau
1%
No matching quizzes found
Score Distribution
Percent of People with Each Score
Percentile by Number Answered
Your Score History
You have not taken this quiz